000
00238nam a22000857a 4500
008
160701b xxu||||| |||| 00| 0 eng d
100
_9
1733
_a
Gupta, R.G
245
_a
Composite Mathematics for Primary Schools
260
_a
New Delhi
_b
Arya
_c
2005
999
_c
1439
_d
1439